000 00342pab a2200133 454500
008 180718b xxu||||| |||| 00| 0 eng d
100 _aSahoy, S.
245 _aThe Attorney - General - what a fall?
650 _a Ramaswamay, G.
650 _a Attorney General
650 _aJustice Administration
773 _aHindustan Times
909 _a23465
999 _c23465
_d23465